Teoretické princípy ekonomickej regulácie letísk

Na minha lista:
Detalhes bibliográficos
Autor principal: Sedláčková, Alena
Outros Autores: Novák, Andrej
Formato: Capítulo de Livro
Idioma:eslovaco
Tags: Adicionar Tag
Sem tags, seja o primeiro a adicionar uma tag!

MARC

LEADER 00000nla$a2200000$$$4500
001 0117207
005 20221207083530.0
041 0 |a slo 
044 |a SK 
245 1 0 |a Teoretické princípy ekonomickej regulácie letísk  |c Alena Sedláčková, Andrej Novák 
100 1 |a Sedláčková, Alena 
700 1 |a Novák, Andrej